| 000 | 01101cam a22002895a 4500 | ||
|---|---|---|---|
| 001 | 18183653 | ||
| 005 | 20150519122757.0 | ||
| 008 | 140610s2014 enka frb 001 0 eng d | ||
| 020 | _a9781780766768 (PB) | ||
| 020 | _a9781780766751 (HB) | ||
| 040 |
_aDLC _beng _cDLC _dEG-ScBUE |
||
| 082 | 0 | 4 |
_a323.445 _bTRA _222 |
| 245 | 0 | 0 |
_aTransparency in politics and the media : _baccountability and open government / _cedited by Nigel Bowles, James T. Hamilton and David A. L. Levy. |
| 260 |
_aLondon ; _aNew York ; _bI. B. Tauris & Co. Ltd : _bReuters Institute for the Study of Journalism, University of Oxford, _c2014. |
||
| 300 |
_axxiii, 238 p. : _bill. ; _c23 cm. |
||
| 500 | _aIndex : p. 233-238. | ||
| 504 | _aIncludes bibliographical references. | ||
| 650 | 0 |
_aGovernment and the press. _2BUEsh |
|
| 650 | 0 |
_aTransparency in government. _2BUEsh _912043 |
|
| 651 | _2BUEsh | ||
| 653 |
_bCOMAME _cMay2015 |
||
| 655 |
_vreading book _934232 |
||
| 700 | 1 |
_aBowles, Nigel, _eeditor. |
|
| 700 | 1 |
_aHamilton, James, _d1961- _eeditor. |
|
| 700 | 1 |
_aLevy, David A. L., _eeditor. |
|
| 942 |
_2ddc _k323.445 TRA |
||
| 999 |
_c19367 _d19339 |
||